| 000 -LEADER |
| fixed length control field |
01041nam a2200217Ia 4500 |
| 003 - CONTROL NUMBER IDENTIFIER |
| control field |
OSt |
| 005 - DATE AND TIME OF LATEST TRANSACTION |
| control field |
20240829110218.0 |
| 007 - PHYSICAL DESCRIPTION FIXED FIELD--GENERAL INFORMATION |
| fixed length control field |
ca aa aaaaa |
| 008 - FIXED-LENGTH DATA ELEMENTS--GENERAL INFORMATION |
| fixed length control field |
201103s9999 xx 000 0 und d |
| 040 ## - CATALOGING SOURCE |
| Transcribing agency |
SSBUL |
| 041 ## - LANGUAGE CODE |
| Language code of text/sound track or separate title |
bur |
| 082 ## - DEWEY DECIMAL CLASSIFICATION NUMBER |
| Classification number |
၂၉၄.၃၄၃၅ |
| Item number |
ညောင် |
| 100 0# - MAIN ENTRY--PERSONAL NAME |
| Personal name |
ဇေယျပဏ္ဍိတ၊ ညောင်ရမ်း |
| 9 (RLIN) |
53857 |
| 245 10 - TITLE STATEMENT |
| Title |
စေတီဘုရားတည်ထားနည်းကျမ်း / |
| Statement of responsibility, etc. |
ညောင်ရမ်းဇေယျပဏ္ဍိတ။ |
| 250 ## - EDITION STATEMENT |
| Edition statement |
ဒုတိယအကြိမ်။ |
| 260 ## - PUBLICATION, DISTRIBUTION, ETC. |
| Place of publication, distribution, etc. |
ရန်ကုန် ၊ |
| Name of publisher, distributor, etc. |
သရအိမ်စာပေ၊ |
| -- |
ရတနာစုံစာပေတိုက်၊ |
| Date of publication, distribution, etc. |
၂၀၁၁။ |
| -- |
၁၉၆၂။ |
| 300 ## - PHYSICAL DESCRIPTION |
| Extent |
ဍ၊ ၁၄၂ စာမျက်နှာ ၊ |
| -- |
၁၉၀ စာမျက်နှာ ၊ |
| Other physical details |
ပုံများ ၊ |
| Dimensions |
၂၁ စင်တီ။ |
| -- |
၁၈ စင်တီ။ |
| 500 ## - GENERAL NOTE |
| General note |
S-KZN: Prof. Kyaw Zaw Naing |
| 650 ## - SUBJECT ADDED ENTRY--TOPICAL TERM |
| Topical term or geographic name entry element |
စေတီပုထိုး |
| 9 (RLIN) |
12797 |
| 942 ## - ADDED ENTRY ELEMENTS (KOHA) |
| Koha item type |
Books (Long term) |
| Source of classification or shelving scheme |
|